00515nam a2200169Ia 450000500170000000800410001702000180005808200130007610000170008924500300010626000510013630000120018750000260019994200060022595200990023199900150033020250528013012.0240331s9999 xx 000 0 und d a9789556523171 bSENa194 aSenarathne,D 0aMadyawedaya saha neethiya aBorellabWijayasooriya pathaga pathanamac2007 a120 p., aA book of media & Law cL 001040708LaWERCLbWERCLcSSCd2024-03-31l0o 174.909 SENp6221r2024-03-31w2024-03-31yL c5134d5134